English 8B Midyear Exam Vocab Quiz Stats

 Plays Quiz not verified by Sporcle

Challenge
Share
Tweet
Embed
Score 0/30 Timer 06:00
0 Plays Today
Definition Vocab Word % Correct
Good taste in behavior, speech, or dressDecorum
84.6%
Fall or draw back, shrink backRecoil
84.6%
To approach and speak toAccost
82.1%
Goodwill, an act of kindness or charityBenevolence
79.5%
Too smooth or ready to be sincereGlib
76.9%
Belief or trustworthinessCredence
74.4%
Insult, or something that offends one's dignityIndignity
74.4%
Laziness, lack of energyLethargy
74.4%
Close bond or connectionLiaison
74.4%
To soothe or pacifyMollify
74.4%
Approval, applausePlaudits
71.8%
Rash, foolishly bold, recklessly daringFoolhardy
69.2%
Sever, harsh; simple, not fancyAustere
66.7%
Contribute toward, lead toward a desirable resultConduce
66.7%
Habitual honesty; accuracy or precisionVeracity
66.7%
Definition Vocab Word % Correct
Random, based on whims; tyrannicalArbitrary
64.1%
Agreement, friendly relationsConcord
64.1%
Trouble, worry, tormentHarass
64.1%
Bring oneself into the favor of anotherIngratiate
64.1%
Mock, ridiculeDeride
61.5%
Belittling, disdainfulDerogatory
59%
To wish for or desireCovet
56.4%
To have weight or effectMilitate
56.4%
Agree withAssent
53.8%
To embarrass or disconcertAbash
51.3%
Careful, meticulous, exactPunctilious
51.3%
Confuse, disturb, upsetDisconcert
48.7%
Disown, renounce, rejectRepudiate
48.7%
Exemption from punishment or harmImpunity
41%
Scheme or planContrive
33.3%

You're not logged in!

Compare scores with friends on all Sporcle quizzes.
OR
Log In

You Might Also Like...

Show Comments

Extras

Top Quizzes Today


Score Distribution

Your Account Isn't Verified!

In order to create a playlist on Sporcle, you need to verify the email address you used during registration. Go to your Sporcle Settings to finish the process.

Report this User

Report this user for behavior that violates our Community Guidelines.

Details: